| 000 | 00352 a2200169 4500 | ||
|---|---|---|---|
| 001 | 69538 | ||
| 020 | _a851605182X | ||
| 040 | _cAnchieta - Itaigara | ||
| 100 | _aFurnari, Eva | ||
| 240 | 1 | 0 |
_aFelpo Filva _lpor |
| 245 | 1 | 0 | _aFelpo Filva |
| 300 | _a56 | ||
| 362 | 0 | _a2008 | |
| 440 | 1 | _aModerna | |
| 650 | 4 | _aLiteratura infanto-juvenil | |
| 942 | _cBK | ||
| 999 |
_c69538 _d69538 |
||